<?xml version="1.0" encoding="UTF-8"?>
<record
    xmlns:xsi="http://www.w3.org/2001/XMLSchema-instance"
    xsi:schemaLocation="http://www.loc.gov/MARC21/slim http://www.loc.gov/standards/marcxml/schema/MARC21slim.xsd"
    xmlns="http://www.loc.gov/MARC21/slim">

  <leader>01996nam a22002057a 4500</leader>
  <controlfield tag="003">OSt</controlfield>
  <controlfield tag="005">20260401102359.0</controlfield>
  <controlfield tag="008">260401b        |||||||| |||| 00| 0 SPA d</controlfield>
  <datafield tag="082" ind1=" " ind2=" ">
    <subfield code="2"> 9978-32-230-2</subfield>
  </datafield>
  <datafield tag="100" ind1=" " ind2=" ">
    <subfield code="a">Segundo Marco Tip&#xE1;n Umatambo</subfield>
  </datafield>
  <datafield tag="245" ind1=" " ind2=" ">
    <subfield code="a">Enciclopedia: Fechas c&#xED;vicas y festividades populares del Ecuador.</subfield>
  </datafield>
  <datafield tag="250" ind1=" " ind2=" ">
    <subfield code="a">3ra edici&#xF3;n</subfield>
  </datafield>
  <datafield tag="260" ind1=" " ind2=" ">
    <subfield code="a">Madrid/Ecuador</subfield>
    <subfield code="b">Cultural S.A</subfield>
    <subfield code="c"> 2007 y 2009</subfield>
  </datafield>
  <datafield tag="300" ind1=" " ind2=" ">
    <subfield code="b">400 a 500 p&#xE1;ginas</subfield>
    <subfield code="c">21 x 28 cm</subfield>
    <subfield code="e">Contenido Visual,Ap&#xE9;ndices</subfield>
  </datafield>
  <datafield tag="490" ind1=" " ind2=" ">
    <subfield code="3">R&#xFA;stica o tapa dura</subfield>
  </datafield>
  <datafield tag="520" ind1=" " ind2=" ">
    <subfield code="a">Esta enciclopedia es una obra de referencia dise&#xF1;ada principalmente para el &#xE1;mbito educativo y cultural del Ecuador. Su contenido se organiza en dos grandes ejes:
1. Fechas C&#xED;vicas (Efem&#xE9;rides)
El libro recorre el calendario republicano del Ecuador, detallando los hitos hist&#xF3;ricos que dieron forma a la naci&#xF3;n:
Independencias: Relatos sobre el 10 de Agosto, la Batalla del Pichincha y las independencias locales (Guayaquil, Cuenca, etc.).
S&#xED;mbolos Patrios: Historia y significado del Himno, el Escudo y la Bandera Nacional.
Personajes Hist&#xF3;ricos: Biograf&#xED;as de pr&#xF3;ceres, presidentes y figuras relevantes en la pol&#xED;tica y educaci&#xF3;n.
Institucionalidad: Creaci&#xF3;n de provincias, cantones y organismos del Estado.
2. Festividades Populares y Tradiciones
Analiza la identidad cultural a trav&#xE9;s de las celebraciones que mezclan lo religioso con lo ancestral:
Fiestas Mayores: La Mama Negra (Latacunga), el Inti Raymi (Andes), el Carnaval de Guaranda y la Diablada Pillare&#xF1;a.
Folclore y Costumbres: Descripci&#xF3;n de danzas, vestimentas t&#xED;picas y la gastronom&#xED;a asociada a cada celebraci&#xF3;n.
Calendario Religioso: Procesiones y ritos como la Semana Santa o el Pase del Ni&#xF1;o.</subfield>
  </datafield>
  <datafield tag="650" ind1=" " ind2=" ">
    <subfield code="a">Ecuador &#x2014; Historia &#x2014; Diccionarios y enciclopedias.</subfield>
    <subfield code="x">Fechas c&#xED;vicas &#x2014; Costumbres y tradiciones &#x2014; Fiestas populares. Subdivisi&#xF3;n geogr&#xE1;fica: Ecuador.</subfield>
    <subfield code="y">Siglo XXI </subfield>
    <subfield code="z">ECUADOR </subfield>
  </datafield>
  <datafield tag="700" ind1=" " ind2=" ">
    <subfield code="a">Segundo Marco Tip&#xE1;n Umatambo.</subfield>
  </datafield>
  <datafield tag="942" ind1=" " ind2=" ">
    <subfield code="2">ddc</subfield>
    <subfield code="c">BKA</subfield>
    <subfield code="n">0</subfield>
  </datafield>
  <datafield tag="952" ind1=" " ind2=" ">
    <subfield code="0">0</subfield>
    <subfield code="1">0</subfield>
    <subfield code="2">ddc</subfield>
    <subfield code="4">0</subfield>
    <subfield code="7">0</subfield>
    <subfield code="a">ISUS</subfield>
    <subfield code="b">ISUS</subfield>
    <subfield code="c">Biblioteca Abierta</subfield>
    <subfield code="d">2026-04-01</subfield>
    <subfield code="e">LECTURA</subfield>
    <subfield code="f">0461</subfield>
    <subfield code="i">0461</subfield>
    <subfield code="l">0</subfield>
    <subfield code="o">0461</subfield>
    <subfield code="p">BIBLIO0461</subfield>
    <subfield code="r">2026-04-01 10:25:06</subfield>
    <subfield code="t">1</subfield>
    <subfield code="w">2026-04-01</subfield>
    <subfield code="y">BKA</subfield>
  </datafield>
  <datafield tag="999" ind1=" " ind2=" ">
    <subfield code="c">2037</subfield>
    <subfield code="d">2037</subfield>
  </datafield>
</record>
